| 000 | 00810nam a2200253Ia 4500 | ||
|---|---|---|---|
| 003 | OSt | ||
| 005 | 20220923211809.0 | ||
| 006 | a|||||r|||| 00| 0 | ||
| 007 | ta | ||
| 008 | 220922b |||||||| |||| 00| 0 hin d | ||
| 024 | _a57,488 | ||
| 037 | _cTextual | ||
| 040 |
_aARTS _cARTS _bhin |
||
| 041 |
_2hin _ahin |
||
| 082 | _aQ1z7, 152M2 | ||
| 100 | _aकृष्ण लाल, संपा. | ||
| 245 | 0 | _aवैदिक व्याख्यान माला | |
| 246 | _aVaidik vyākhyān mālā | ||
| 260 |
_aदिल्ली _b ईस्टर्न बुक लिंकर्स _c1982 |
||
| 300 |
_a91पृ. _ccm. |
||
| 650 | _aधर्मशास्त्र | ||
| 942 |
_hQ1z7, 152M2 _cTEXL _2CC |
||
| 999 |
_c303711 _d303711 |
||